| 000 | 01122nam a2200253 a 4500 | ||
|---|---|---|---|
| 001 | 000738387 | ||
| 003 | AM-YeHGA | ||
| 005 | 20250617143312.0 | ||
| 008 | 100525s1978 ||||||||||||||||||||rus d | ||
| 040 | _aAM-YeHGA | ||
| 041 | 0 | _arus | |
| 100 | 1 | _aКурганов, Борис Иванович | |
| 245 | 1 | 0 |
_aАллостерические ферменты / _cБ.И. Курганов ; Отв. ред. В.А. Яковлев; АН СССР, Науч. совет по проблемам молекулярной биологии, Ин-т молекулярной биологии . |
| 260 |
_aМосква : _bИзд-во "Наука", _c1978. |
||
| 300 |
_a248 с. : _bтабл. |
||
| 650 | 1 | 4 | _aБиохимия |
| 650 | 1 | 4 | _aМетаболические процессы |
| 650 | 1 | 4 | _aЭнзимология |
| 700 | 1 |
_aЯковлев, В.А. _eред. _4edt |
|
| 710 | 2 | _aАкадемия Наук СССР | |
| 710 | 2 | _aНаучный совет по проблемам молекулярной биологии | |
| 710 | 2 | _aИнститут молекулярной биологии | |
| 090 | _c274657 | ||
| 999 |
_c273015 _d273015 |
||